000 00461nam a2200181Ia 4500
001 20576
005 20260306172816.0
008 260306t2016||||xx |||||||||||||| ||spa||
041 _aESP
082 _a343.4
_bM84
100 _aMontoya Chávez, Victorhugo
_eAUT
245 0 _aEl proceso competencial en la jurisprudencia (1996-2015)
260 _c2016
300 _a139 páginas :
_c24 cm.
650 _aGEN
654 _aCDE
942 _cLIB
_dJUS
_fJUS
_2ddc
_n
999 _c20576
_d20576